00921nam a2200253 a 4500008004100000020003000041040001500071245009800086260003800184300006300222336002600285337002800311338002700339440006800366500002000434504004100454650002000495650002100515650003500536650004600571700003200617003000100649005001700650  a9780081020968 (paperback) aNUSTcNUST10aSingle crystals of electronic materials :bgrowth and properties/cedited by Roberto Fornari. aDuxford, U.K :bWoodhead, c2019. axii, 582 pages :billustrations (chiefly colour) ;c23 cm. atextbtxt2rdacontent aunmediatedbn2rdamedia avolumebnc2rdacarrier aWoodhead publishing series in electronic and optical materials. aIncludes index. aIncludes bibliographical references. aCrystal growth. aCrystallography. aCrystalsxElectric properties. aSemi conductorsxDesign and construction. aFornani, Roberto.,aeditor.20230123141152.0